000 00436nam a2200145 i 4500
001 51989
003 ES-MaACL
005 20230906162502.0
007 t|
008 201022s1883 sp ||||1| spa d
110 2 _aSociedad Material para Ferrocarriles y Construcción.
_9170514
245 1 0 _aMemoria presentada al jurado de la Exposición de Minería... en 1883.
260 _aMadrid :
_b[s.n.],
_c1883.
852 _aES-MaACL
_jT-383-F-13
999 _c51989
_d51989